[Event "FRA-ch op-C"]
[Site "Aix les Bains"]
[Date "2007.08.14"]
[Round "1"]
[White "Eden, James"]
[Black "Puchault, Maurice"]
[Result "1-0"]
[WhiteElo "1793"]
[BlackElo "1630"]
[PlyCount "81"]
[EventDate "2007.08.13"]
[EventType "swiss"]
[EventRounds "11"]
[EventCountry "FRA"]
[SourceTitle "CBM 120 Extra"]
[Source "ChessBase"]
[SourceDate "2007.11.01"]
[SourceVersion "1"]
[SourceVersionDate "2007.11.01"]
[SourceQuality "1"]

1. e4 e6 2. d4 d5 3. Nc3 dxe4 4. Nxe4 Nf6 5. Nxf6+ Qxf6 6. Nf3 Bd6 7. Bd3 Qd8 8. c3 Nd7 9. 0-0 b6 10. Be4 Rb8 11. Qa4 Bb7 12. Bxb7 Rxb7 13. Qc6 Rb8 14. Ne5 f6 15. Nxd7 Qxd7 16. Qe4 0-0 17. Re1 Rbe8 18. Re3 f5 19. Qh4 Be7 20. Qh5 g6 21. Qh6 Bf6 22. Rg3 Rf7 23. Bg5 Bg7 24. Qh4 e5 25. Bh6 exd4 26. Bxg7 Rxg7 27. Rd3 Re4 28. Qg3 Rge7 29. f3 Re2 30. Rxd4 Qe8 31. h4 Rxb2 32. Rad1 Kg7 33. a4 Rc2 34. Rc4 c6 35. Qg5 a6 36. Rxc6 Re1+ 37. Rxe1 Qxe1+ 38. Kh2 Qe5+ 39. f4 Qb8 40. Qe7+ Kh6 41. Rc7 1-0